000 00859nam a2200217 a 4500
001 015148
003 BD-ChCU
008 Ben
020 _a৮১৭০৭৪১৫৮০
040 _aDLC
_cDLC
_dBD-ChCU
082 0 0 _a৩২৭.০৯/সেন৬অ
100 1 _aসেন, অসিত কুমার
_b-
245 1 0 _aআনর্্তজাতিক সম্পর্কের ইতিহাস
_bপ্রথম বিশ্বযুদ্ধোত্তর যুগ হইতে বর্তমান কাল পর্যন্ত
250 _a***
260 _aকলিকাতা
_bকে.পি. বাগচী
_c১৯৯১
300 _a**
504 _a- Biblio-
650 0 _aআনর্্তজাতিক সম্পর্ক
_bরাজনীতি বিজ্ঞান
700 1 _a-
942 _2ddc
_cBK
999 _c15148
_d15148